Bài tập cơ học lý thuyết

Spremljeno u:
Bibliografski detalji
Glavni autor: Trần, Văn Uẩn
Format: Knjiga
Jezik:Undetermined
Izdano: Thành phố Hồ Chí Minh Đại học Quốc Gia Thành phố Hồ Chí Minh 2003
Teme:
Oznake: Dodaj oznaku
Bez oznaka, Budi prvi tko označuje ovaj zapis!
Thư viện lưu trữ: Trung tâm Học liệu Trường Đại học Cần Thơ
LEADER 00632nam a2200205Ia 4500
001 CTU_64000
008 210402s9999 xx 000 0 und d
020 |c 13000 
082 |a 531.076 
082 |b U502 
100 |a Trần, Văn Uẩn 
245 0 |a Bài tập cơ học lý thuyết 
245 0 |c Trần Văn Uẩn 
260 |a Thành phố Hồ Chí Minh 
260 |b Đại học Quốc Gia Thành phố Hồ Chí Minh 
260 |c 2003 
650 |a Mechanics 
650 |x Problems, exercises, etc. 
904 |i Trọng Hải 
980 |a Trung tâm Học liệu Trường Đại học Cần Thơ